فعالية برنامج مقترح لتنمية بعض مهارات السلوك القيادى لدى أطفال الروضة / (رقم التسجيلة. 33246)

تفاصيل مارك
000 -LEADER
fixed length control field 02585cam a2200349 a 4500
003 - CONTROL NUMBER IDENTIFIER
control field EG-GiCUC
005 - DATE AND TIME OF LATEST TRANSACTION
control field 20250223030351.0
008 - FIXED-LENGTH DATA ELEMENTS--GENERAL INFORMATION
fixed length control field 110310s2011 ua f m 000 0 ara d
040 ## - CATALOGING SOURCE
Original cataloging agency EG-GiCUC
Language of cataloging ara
Transcribing agency EG-GiCUC
041 0# - LANGUAGE CODE
Language code of text/sound track or separate title ara
049 ## - LOCAL HOLDINGS (OCLC)
Holding library ايداع
097 ## - Thesis Degree
Thesis Level دكتوراه
099 ## - LOCAL FREE-TEXT CALL NUMBER (OCLC)
Classification number Cai01.23.05.Ph.D.2011.غى.ف
100 0# - MAIN ENTRY--PERSONAL NAME
Personal name غيداء عبدالله أحمد حسنين الجبالى
245 10 - TITLE STATEMENT
Title فعالية برنامج مقترح لتنمية بعض مهارات السلوك القيادى لدى أطفال الروضة /
Statement of responsibility, etc. غيداء عبدالله أحمد حسنين الجبالى ؛ إشراف علاء الدين أحمد كفافى : سميرة السيد عبدالعال : علا عبدالرحمن على محمد
246 15 - VARYING FORM OF TITLE
Title proper/short title The effectiveness of a proposed program to develop some leadership behavior skills at kindergartners
260 ## - PUBLICATION, DISTRIBUTION, ETC.
Place of publication, distribution, etc. القاهرة :
Name of publisher, distributor, etc. غيداء عبدالله أحمد حسنين الجبالى :
Date of publication, distribution, etc. 2011
300 ## - PHYSICAL DESCRIPTION
Extent 210 ص ؛
Dimensions 25سم
502 ## - DISSERTATION NOTE
Dissertation note اطروحة (دكتوراه) - جامعة القاهرة - معهد الدراسات و البحوث التربوية - قسم رياض الأطفال و التعليم الابتدائي
520 ## - SUMMARY, ETC.
Summary, etc. هدفت الدراسة الحالية إلى تصميم برنامج أنشطة لتنمية بعض مهارات السلوك القيادى (مهارات الاتصال: حل المشكلات: اتخاذ القرار : التخطيط) لدى أطفال الروضة : و تكونت عينة الدراسة من (٦٠ طفلا و طفلة) تتراوح أعمارهم من ٥-٦ سنوات و تم تقسيمهم إلى مجموعتين (٣٠) طفلا و طفلة مجموعة تجريبية و (٣٠) طفلا و طفلة مجموعة ضابطة و استخدمت الدراسة الأدوات منها: مقياس مهارات السلوك القيادى (بعض مهارات الاتصال - حل المشكلات - اتخاذ القرار - التخطيط) المصور و اللفظى لأطفال الروضة
530 ## - ADDITIONAL PHYSICAL FORM AVAILABLE NOTE
Additional physical form available note صدر ايضا كقرص مدمج
653 #4 - INDEX TERM--UNCONTROLLED
Uncontrolled term أطفال الروضة
653 #4 - INDEX TERM--UNCONTROLLED
Uncontrolled term فعالية برنامج مقترح
653 #4 - INDEX TERM--UNCONTROLLED
Uncontrolled term مهارات السلوك القيادي
700 0# - ADDED ENTRY--PERSONAL NAME
Personal name سميرة السيد عبدالعال :
Relator term
700 0# - ADDED ENTRY--PERSONAL NAME
Personal name علا عبدالرحمن على محمد :
Relator term
700 0# - ADDED ENTRY--PERSONAL NAME
Personal name علاء الدين أحمد كفافى :
Relator term
856 ## - ELECTRONIC LOCATION AND ACCESS
Uniform Resource Identifier <a href="http://172.23.153.220/th.pdf">http://172.23.153.220/th.pdf</a>
905 ## - LOCAL DATA ELEMENT E, LDE (RLIN)
Cataloger Nazla
Reviser Revisor
905 ## - LOCAL DATA ELEMENT E, LDE (RLIN)
Cataloger Samia
Reviser Cataloger
942 ## - ADDED ENTRY ELEMENTS (KOHA)
Source of classification or shelving scheme Dewey Decimal Classification
Koha item type Thesis
المقتنيات
Source of classification or shelving scheme Not for loan Home library Current library Date acquired Full call number Barcode Date last seen Koha item type Copy number
Dewey Decimal Classification   المكتبة المركزبة الجديدة - جامعة القاهرة قاعة الرسائل الجامعية - الدور الاول 11.02.2024 Cai01.23.05.Ph.D.2011.غى.ف 01010100015653000 22.09.2023 Thesis  
Dewey Decimal Classification   المكتبة المركزبة الجديدة - جامعة القاهرة مخـــزن الرســائل الجـــامعية - البدروم 11.02.2024 Cai01.23.05.Ph.D.2011.غى.ف 01020100015653000 22.09.2023 CD - Rom 15653.CD
Cairo University Libraries Portal Implemented & Customized by: Eng. M. Mohamady Contacts: new-lib@cl.cu.edu.eg | cnul@cl.cu.edu.eg
CUCL logo CNUL logo
© All rights reserved — Cairo University Libraries
CUCL logo
Implemented & Customized by: Eng. M. Mohamady Contact: new-lib@cl.cu.edu.eg © All rights reserved — New Central Library
CNUL logo
Implemented & Customized by: Eng. M. Mohamady Contact: cnul@cl.cu.edu.eg © All rights reserved — Cairo National University Library